000 00852cam a22002411i 4500
001 gs 10000001
003 DLC
005 20260227111309.0
008 790420s1909 dcuabf f001 0 eng
010 _ags 10000001
035 _a(OCoLC)4879208
040 _aDLC
_cICharE
_dDLC
042 _apremarc
043 _an-us-az
050 0 0 _aTN24.A6
_bS3
100 1 _aSchrader, Frank Charles,
_d1860-1944.
245 1 0 _aMineral deposits of the Cerbat Range, Black Mountains, and Grand Wash Cliffs, Mohave county, Arizona /
_cby F.C. Schrader.
260 _aWashington,
_bGovt. Print. Off.,
_c1909.
300 _a226 p. :
_bill., xvi pl. (part fold., incl. maps) diagrs. ;
_c24 cm.
490 1 _aU.S. Geological survey. Bulletin 397
650 0 _aMines and mineral resources
_zArizona.
810 1 _aUnited States.
_bGeological Survey.
_tBulletin ;
_v397.
999 _c24889
_d24889